000
00301nam a22001337a 4500
008
181010b xxu||||| |||| 00| 0 eng d
020
_a
0153118059
041
_a
eng
080
_a
371
100
_a
25
101
_a
EDU
245
_a
English Grammar and Composition
_c
Warriner,J.E
942
_2
udc
_c
BK
999
_c
49258
_d
49258